| 000 | 00888na a2200289 4500 | ||
|---|---|---|---|
| 001 | 24339 | ||
| 003 | MIRAKIL | ||
| 005 | 20181226104237.0 | ||
| 008 | 180917b tu 000 0 | ||
| 020 | _a9786054125296 | ||
| 041 | _atur | ||
| 082 |
_a956.10256622 _bZ34d 2010 |
||
| 090 | _a956.10256622 Z34d 2010 | ||
| 100 | _aZelyut, Rıza | ||
| 245 |
_aDersim isyanları _bSeyit Rıza gerçeği _cRıza Zelyut |
||
| 246 | _aSeyit Rıza gerçeği | ||
| 250 | _a10.bs. | ||
| 260 |
_aAnkara _bKripto Kitaplar _c2010 _fBRC Matbaacılık |
||
| 300 |
_a391 s. _bfotğ. _c21 sm. |
||
| 440 |
_aKripto Kitaplar dizisi _vGenel yayın no.:26 |
||
| 490 |
_aAraştırma ve İnceleme _v19 |
||
| 650 |
_aTarih _xDersim ayaklanması _zTunceli (Dersim) |
||
| 651 |
_aTunceli (Dersim) _xTarih _yİsyanlar |
||
| 740 | _aSeyit Rıza gerçeği | ||
| 942 |
_2ddc _cBKS |
||
| 040 |
_aMilas _btur _cTR-AnCHP |
||
| 999 |
_c11937 _d11937 |
||